[Event "CZE-chT2E 1920"]
[Site "Czech Republic"]
[Date "2020.02.09"]
[Round "8.3"]
[White "Kubik, Michael"]
[Black "Novosadova, Kristyna"]
[Result "0-1"]
[WhiteElo "2240"]
[BlackElo "2177"]
[PlyCount "60"]
[EventDate "2019.10.13"]
[EventType "team-tourn"]
[EventRounds "11"]
[EventCountry "CZE"]
[SourceTitle "EXT 2024"]
[Source "ChessBase"]
[SourceDate "2023.10.10"]
[SourceVersion "1"]
[SourceVersionDate "2023.10.10"]
[SourceQuality "1"]
[WhiteTeam "Prusanky Podluzan"]
[BlackTeam "Jundrov Jezdci"]
[WhiteTeamCountry "CZE"]
[BlackTeamCountry "CZE"]

1. e4 e5 2. Nf3 Nc6 3. Bb5 a6 4. Ba4 Nf6 5. 0-0 Be7 6. Re1 b5 7. Bb3 0-0 8. h3 d6 9. c3 Na5 10. Bc2 c5 11. d3 Bb7 12. Nbd2 Re8 13. Nf1 Bf8 14. Ng3 h6 15. Nf5 d5 16. d4 cxd4 17. cxd4 dxe4 18. Nxe5 Nc4 19. Ng4 Re6 20. Nge3 Rc8 21. Bb3 g6 22. Ng3 Nd5 23. Ng4 f5 24. Nxh6+ Bxh6 25. Bxh6 Qh4 26. Bc1 e3 27. Nh1 f4 28. fxe3 fxe3 29. Bxc4 Rxc4 30. b3 Rxd4 0-1

[Event "CZE-chT2E 1920"]
[Site "Czech Republic"]
[Date "2019.10.13"]
[Round "1.4"]
[White "Babula, Milan"]
[Black "Kubik, Michael"]
[Result "1/2-1/2"]
[WhiteElo "2169"]
[BlackElo "2240"]
[PlyCount "84"]
[EventDate "2019.10.13"]
[EventType "team-tourn"]
[EventRounds "11"]
[EventCountry "CZE"]
[SourceTitle "EXT 2024"]
[Source "ChessBase"]
[SourceDate "2023.10.10"]
[SourceVersion "1"]
[SourceVersionDate "2023.10.10"]
[SourceQuality "1"]
[WhiteTeam "Vlcnov"]
[BlackTeam "Prusanky Podluzan"]
[WhiteTeamCountry "CZE"]
[BlackTeamCountry "CZE"]

1. e4 c5 2. Nf3 Nc6 3. Nc3 d6 4. d4 cxd4 5. Nxd4 e5 6. Nde2 Nf6 7. g3 Be7 8. Bg2 0-0 9. 0-0 Bg4 10. h3 Be6 11. Be3 Na5 12. b3 Qd7 13. Kh2 Rfd8 14. Qd2 b5 15. Nd5 Bxd5 16. exd5 Qc7 17. a4 b4 18. Qxb4 Qxc2 19. Qxa5 Qxe2 20. Rfc1 Rdb8 21. Qc7 Bf8 22. Bxa7 Rxb3 23. Be3 Ne8 24. Qc2 Qxc2 25. Rxc2 Be7 26. a5 Bd8 27. a6 Bb6 28. Bxb6 Rxb6 29. Bf1 Kf8 30. Rac1 Ke7 31. Rc8 Ra7 32. R1c6 Rb1 33. Rc1 Rxc1 34. Rxc1 Nf6 35. Rb1 Kd8 36. Rb6 Kc7 37. Rc6+ Kd7 38. Bb5 Nxd5 39. Rb6+ Kc7 40. Rc6+ Kd7 41. Rb6+ Kc7 42. Rc6+ Kd7 1/2-1/2

[Event "CZE-chT1E 1718"]
[Site "Czech Republic"]
[Date "2018.03.25"]
[Round "10.4"]
[White "Kubik, Michael"]
[Black "Krejca, Jakub"]
[Result "1-0"]
[WhiteElo "2269"]
[BlackElo "2088"]
[PlyCount "101"]
[EventDate "2017.10.22"]
[EventType "team-tourn"]
[EventRounds "11"]
[EventCountry "CZE"]
[SourceTitle "EXT 2019"]
[Source "ChessBase"]
[SourceDate "2018.10.10"]
[SourceVersion "1"]
[SourceVersionDate "2018.10.10"]
[SourceQuality "1"]
[WhiteTeam "Frydek Mistek II"]
[BlackTeam "Hostalkova"]
[WhiteTeamCountry "CZE"]
[BlackTeamCountry "CZE"]

1. e4 e6 2. d4 d5 3. Nd2 Nf6 4. Bd3 c5 5. c3 Nc6 6. Ngf3 Be7 7. e5 Nd7 8. 0-0 b6 9. Re1 Bb7 10. Nf1 h6 11. Ng3 Qc7 12. Nh5 g6 13. Ng7+ Kf8 14. Nxe6+ fxe6 15. Bxg6 Kg7 16. Bh5 Rag8 17. Qd2 Nd8 18. Qf4 Nf8 19. Re3 Kh7 20. Rd3 Rg7 21. Be8 Ba6 22. Rd1 Kg8 23. Bh5 Ng6 24. Qe3 Nf7 25. g3 Ng5 26. Kh1 Ne4 27. h4 Qd8 28. Bg4 Bc8 29. Bh3 Rf7 30. Bd2 Qf8 31. Bg2 Qd8 32. Be1 Kg7 33. Nh2 h5 34. f3 Nxg3+ 35. Bxg3 Bxh4 36. Bxh4 Qxh4 37. Rg1 cxd4 38. cxd4 Kh7 39. Bf1 Nf4 40. Bd3+ Nxd3 41. Qxd3+ Rf5 42. Rac1 Qe7 43. f4 Bb7 44. Qg3 Rhf8 45. Qg6+ Kh8 46. Nf3 Rxf4 47. Rg5 R4f5 48. Rcg1 Qh7 49. Rxf5 exf5 50. Qd6 Rf7 51. Qd8+ 1-0

[Event "CZE-chT1E 1718"]
[Site "Czech Republic"]
[Date "2017.12.10"]
[Round "4.1"]
[White "Kratochvil, Karel"]
[Black "Kubik, Michael"]
[Result "0-1"]
[WhiteElo "2193"]
[BlackElo "2269"]
[PlyCount "56"]
[EventDate "2017.10.22"]
[EventType "team-tourn"]
[EventRounds "11"]
[EventCountry "CZE"]
[SourceTitle "EXT 2019"]
[Source "ChessBase"]
[SourceDate "2018.10.10"]
[SourceVersion "1"]
[SourceVersionDate "2018.10.10"]
[SourceQuality "1"]
[WhiteTeam "Brno Lokomotiva"]
[BlackTeam "Frydek Mistek II"]
[WhiteTeamCountry "CZE"]
[BlackTeamCountry "CZE"]

1. d4 Nf6 2. c4 d6 3. Nf3 Nbd7 4. Nc3 e5 5. e3 g6 6. b3 Bg7 7. dxe5 Ng4 8. Bb2 Ndxe5 9. Be2 0-0 10. h3 Nxf3+ 11. Bxf3 Ne5 12. Be4 Re8 13. 0-0 Qh4 14. f4 Nxc4 15. bxc4 Bxc3 16. Bxb7 Bxb7 17. Bxc3 Qg3 18. Rf2 Bxg2 19. Qd4 Bc6+ 20. Kf1 Qxh3+ 21. Ke2 Rxe3+ 22. Qxe3 Re8 23. Qxe8+ Bxe8 24. Bd4 Qf5 25. Rc1 Qe4+ 26. Be3 d5 27. Rd1 Qxc4+ 28. Ke1 Qe4 0-1

[Event "CZE-chT2F 1718"]
[Site "Czech Republic"]
[Date "2017.11.05"]
[Round "2.1"]
[White "Butkiewicz, Lukasz"]
[Black "Kubik, Michael"]
[Result "1-0"]
[WhiteElo "2456"]
[BlackElo "2259"]
[PlyCount "87"]
[EventDate "2017.10.15"]
[EventType "team-tourn"]
[EventRounds "11"]
[EventCountry "CZE"]
[SourceTitle "EXT 2022"]
[Source "ChessBase"]
[SourceDate "2021.10.06"]
[SourceVersion "1"]
[SourceVersionDate "2021.10.06"]
[SourceQuality "1"]
[WhiteTeam "Vrbno pod Pradedem"]
[BlackTeam "Frydek Mistek III"]
[WhiteTeamCountry "CZE"]
[BlackTeamCountry "CZE"]

1. d4 f5 2. Nc3 Nf6 3. Bg5 d5 4. Bxf6 exf6 5. e3 c6 6. Bd3 Be6 7. a3 Bd6 8. Qf3 g6 9. Nge2 Nd7 10. h4 h5 11. g3 Qe7 12. Nf4 Bf7 13. Qe2 Nb6 14. 0-0-0 0-0-0 15. Nb1 Nc4 16. c3 Kb8 17. a4 c5 18. dxc5 Bxc5 19. Nd2 Ne5 20. Bc2 Ng4 21. Rhe1 Rhe8 22. Kb1 g5 23. Nd3 d4 24. Nxc5 Qxc5 25. cxd4 Qb4 26. Nf3 Rc8 27. d5 Red8 28. Rd4 Qc5 29. Bxf5 Bxd5 30. Bxc8 Rxc8 31. e4 Bb3 32. Qd2 Qc6 33. hxg5 fxg5 34. Qc3 Qe6 35. Qb4 Nxf2 36. Nxg5 Bc2+ 37. Ka1 Qe5 38. Qd6+ Qxd6 39. Rxd6 Rc4 40. b3 Bxb3 41. e5 Bc2 42. e6 Nd3 43. Re4 Rc3 44. Rxd3 1-0

[Event "Tatry op"]
[Site "Tatranska Lomnica"]
[Date "2017.10.14"]
[Round "8"]
[White "Dzikowski, Michal"]
[Black "Kubik, Michael"]
[Result "1-0"]
[WhiteElo "2147"]
[BlackElo "2269"]
[PlyCount "97"]
[EventDate "2017.10.08"]
[EventType "swiss"]
[EventRounds "9"]
[EventCountry "SVK"]
[SourceTitle "CBM 181 Extra"]
[Source "ChessBase"]
[SourceDate "2017.12.12"]
[SourceVersion "1"]
[SourceVersionDate "2017.12.12"]
[SourceQuality "1"]

1. d4 f5 2. Nf3 Nf6 3. g3 g6 4. Bg2 Bg7 5. 0-0 0-0 6. b3 c5 7. Bb2 cxd4 8. Nxd4 Nc6 9. c4 Qb6 10. e3 a5 11. Nb5 d6 12. N1c3 Be6 13. Qe2 Rac8 14. Rad1 Ne5 15. Na4 Qa6 16. Bxe5 dxe5 17. Qb2 e4 18. Qa3 Bf7 19. Qxe7 Nd5 20. cxd5 Qxb5 21. d6 Rcd8 22. d7 Qc6 23. Qc5 Be6 24. Qxc6 bxc6 25. Nb6 Be5 26. Rc1 Bxd7 27. Nxd7 Rxd7 28. Rxc6 Ra7 29. Rc4 a4 30. bxa4 Rfa8 31. Rfc1 Rxa4 32. Rxa4 Rxa4 33. Bf1 Bd6 34. Bc4+ Kg7 35. Bb3 Ra7 36. Rc6 Ba3 37. Kg2 Kh6 38. Re6 Kg5 39. h4+ Kh6 40. g4 Kg7 41. gxf5 gxf5 42. h5 Bb2 43. Rb6 Be5 44. h6+ Kf8 45. Rb5 Re7 46. Ra5 f4 47. exf4 Bc7 48. Rf5+ Ke8 49. Ba4+ 1-0

[Event "Pobeskydy op"]
[Site "Frydek Mistek"]
[Date "2017.04.15"]
[Round "6"]
[White "Kubik, Michael"]
[Black "Kowalczyk, Rafal"]
[Result "0-1"]
[WhiteElo "2240"]
[BlackElo "2218"]
[PlyCount "80"]
[EventDate "2017.04.13"]
[EventType "swiss"]
[EventRounds "9"]
[EventCountry "CZE"]
[SourceTitle "CBM 177 Extra"]
[Source "ChessBase"]
[SourceDate "2017.04.27"]
[SourceVersion "1"]
[SourceVersionDate "2017.04.27"]
[SourceQuality "1"]

1. Nf3 d5 2. g3 e6 3. Bg2 Nf6 4. c4 Be7 5. 0-0 0-0 6. cxd5 exd5 7. d4 b6 8. Nc3 Bb7 9. Ne5 Nbd7 10. Qb3 c6 11. Bf4 Nxe5 12. Bxe5 Bc8 13. Rac1 Be6 14. Qa4 Bd7 15. Rfd1 Ng4 16. Bf4 g5 17. Bd2 f5 18. h3 Nh6 19. Qb3 Kg7 20. e3 Nf7 21. Ne2 Nd6 22. Bb4 Rc8 23. Qa3 Rf6 24. Qd3 Qe8 25. a4 a5 26. Ba3 Qh5 27. Kh2 Bd8 28. Kg1 Bc7 29. Nc3 Ne4 30. Qe2 Qf7 31. Rc2 Re8 32. Nxe4 dxe4 33. d5 c5 34. b3 Rh6 35. d6 Rxd6 36. Bb2+ Kg6 37. Rcd2 Rxd2 38. Qxd2 Bc6 39. Qc3 Be5 40. Rd6+ Bxd6 0-1

[Event "Pobeskydy op"]
[Site "Frydek Mistek"]
[Date "2017.04.14"]
[Round "4"]
[White "Kubik, Michael"]
[Black "Matras, Ondrej"]
[Result "1-0"]
[WhiteElo "2240"]
[BlackElo "2249"]
[PlyCount "115"]
[EventDate "2017.04.13"]
[EventType "swiss"]
[EventRounds "9"]
[EventCountry "CZE"]
[SourceTitle "CBM 177 Extra"]
[Source "ChessBase"]
[SourceDate "2017.04.27"]
[SourceVersion "1"]
[SourceVersionDate "2017.04.27"]
[SourceQuality "1"]

1. e4 e6 2. d4 d5 3. Nd2 Nf6 4. Bd3 c5 5. c3 cxd4 6. cxd4 dxe4 7. Nxe4 Nxe4 8. Bxe4 Bb4+ 9. Bd2 Bxd2+ 10. Qxd2 0-0 11. Ne2 Nd7 12. 0-0 Nf6 13. Bf3 Qb6 14. Nc3 Bd7 15. d5 exd5 16. Nxd5 Nxd5 17. Bxd5 Rad8 18. Qc2 g6 19. Qb3 Bc6 20. Bxc6 bxc6 21. Qc3 Rd5 22. Rac1 Rfd8 23. Rfe1 Rd2 24. Re8+ Rxe8 25. Qxd2 Rd8 26. Qc3 Rd6 27. g3 Qd8 28. Kg2 h5 29. Qc5 Qd7 30. h4 Re6 31. Rc4 Qd5+ 32. Qxd5 cxd5 33. Ra4 a6 34. Kf3 Kg7 35. Ra5 Rd6 36. Ke3 Kf6 37. Kd4 Ke6 38. b4 f6 39. f4 Rb6 40. a3 Kf5 41. Rxd5+ Kg4 42. Kc5 Rb8 43. Rd3 g5 44. fxg5 fxg5 45. hxg5 Rb5+ 46. Kc4 Rxg5 47. a4 Kh3 48. b5 Rg4+ 49. Kc5 Rg5+ 50. Kb4 Rg6 51. Ka5 axb5 52. axb5 Rg8 53. Ka6 Rg4 54. b6 Rb4 55. b7 Rb2 56. Ka7 Ra2+ 57. Kb8 Rc2 58. Ra3 1-0

[Event "CZE-ch"]
[Site "Ostrava"]
[Date "2016.05.03"]
[Round "4"]
[White "Pulpan, Jakub"]
[Black "Kubik, Michael"]
[Result "0-1"]
[WhiteElo "2337"]
[BlackElo "2226"]
[PlyCount "94"]
[EventDate "2016.04.30"]
[EventType "swiss"]
[EventRounds "9"]
[EventCountry "CZE"]
[SourceTitle "CBM 172 Extra"]
[Source "ChessBase"]
[SourceDate "2016.06.21"]
[SourceVersion "1"]
[SourceVersionDate "2016.06.21"]
[SourceQuality "1"]

1. c4 e6 2. Nf3 d5 3. d4 c5 4. cxd5 exd5 5. Nc3 Nc6 6. g3 Nf6 7. Bg2 Be7 8. 0-0 0-0 9. Bg5 c4 10. Ne5 Be6 11. Rc1 Qa5 12. e4 dxe4 13. Nxc6 bxc6 14. Nxe4 Nd5 15. Bxe7 Nxe7 16. Nc5 Bd5 17. Re1 Ng6 18. a3 Rfe8 19. Ne4 Rab8 20. Qc2 Qb6 21. Nc5 Red8 22. Bxd5 cxd5 23. Re2 Qf6 24. Qc3 h5 25. Rce1 h4 26. h3 hxg3 27. fxg3 Qg5 28. Kh2 Qf6 29. Qd2 Qd6 30. Qg5 Nf8 31. Kg2 Nh7 32. Qf5 Nf6 33. Qe5 Qc6 34. Qe7 Re8 35. Qxa7 Rxb2 36. Kf1 Rexe2 37. Rxe2 Rxe2 38. Kxe2 Qe8+ 39. Kf3 Qe1 40. Qb8+ Kh7 41. Qf4 Qf1+ 42. Ke3 Qe1+ 43. Kf3 Qd1+ 44. Ke3 c3 45. Qf5+ Kh8 46. Nd3 Qd2+ 47. Kf3 c2 0-1

[Event "Pobeskydy op"]
[Site "Frydek Mistek"]
[Date "2016.03.27"]
[Round "8"]
[White "Piesik, Piotr"]
[Black "Kubik, Michael"]
[Result "0-1"]
[WhiteElo "2304"]
[BlackElo "2184"]
[PlyCount "64"]
[EventDate "2016.03.24"]
[EventType "swiss"]
[EventRounds "9"]
[EventCountry "CZE"]
[SourceTitle "CBM 171 Extra"]
[Source "ChessBase"]
[SourceDate "2016.04.26"]
[SourceVersion "1"]
[SourceVersionDate "2016.04.26"]
[SourceQuality "1"]

1. Nf3 c5 2. g3 Nc6 3. Bg2 g6 4. c3 Bg7 5. 0-0 Nf6 6. d4 cxd4 7. cxd4 d5 8. Nc3 0-0 9. Bf4 Ne4 10. Rc1 Bg4 11. Ne5 Nxc3 12. Rxc3 Nxe5 13. Bxe5 Bxe5 14. dxe5 Be6 15. Qd4 Qa5 16. Rfc1 Rac8 17. Rxc8 Rxc8 18. Rxc8+ Bxc8 19. Bxd5 Bh3 20. b4 Qc7 21. Qc5 Qd7 22. f3 b6 23. Qc6 Qf5 24. Qc3 Qb1+ 25. Kf2 Qf1+ 26. Ke3 Qg1+ 27. Kd2 Qxh2 28. Qc7 Qf2 29. Bc4 Qd4+ 30. Ke1 Kg7 31. e6 Qc3+ 32. Kf2 Bxe6 0-1

[Event "Pobeskydy op"]
[Site "Frydek Mistek"]
[Date "2016.03.24"]
[Round "1"]
[White "Kubik, Michael"]
[Black "Slosar, Jan"]
[Result "1/2-1/2"]
[WhiteElo "2184"]
[BlackElo "2054"]
[PlyCount "129"]
[EventDate "2016.03.24"]
[EventType "swiss"]
[EventRounds "9"]
[EventCountry "CZE"]
[SourceTitle "CBM 171 Extra"]
[Source "ChessBase"]
[SourceDate "2016.04.26"]
[SourceVersion "1"]
[SourceVersionDate "2016.04.26"]
[SourceQuality "1"]

1. e4 c6 2. d4 d5 3. e5 Bf5 4. Nf3 e6 5. a3 c5 6. c4 Nc6 7. Nc3 dxc4 8. d5 exd5 9. Qxd5 Qxd5 10. Nxd5 0-0-0 11. Ne3 Bd3 12. Nxc4 Bxf1 13. Rxf1 b5 14. Ne3 Re8 15. a4 b4 16. Nc4 f6 17. Be3 Nxe5 18. Ncxe5 fxe5 19. Bxc5 Bxc5 20. Rc1 e4 21. Rxc5+ Kb7 22. Ng5 Nh6 23. Ke2 Re7 24. Rb5+ Ka8 25. Rxb4 Rhe8 26. Rd1 g6 27. Rdd4 e3 28. Re4 exf2 29. Rxe7 Rxe7+ 30. Kxf2 Nf5 31. h3 h6 32. Nf3 Rb7 33. Rxb7 Kxb7 34. Ne5 Ne7 35. b4 Kc7 36. Kf3 Kd6 37. Ke4 Nd5 38. Nxg6 Nxb4 39. Ne5 Ke6 40. Nf3 Nd5 41. Nd4+ Kd6 42. Nf5+ Ke6 43. Nd4+ Kd6 44. Nb5+ Ke6 45. a5 a6 46. Nd4+ Kd6 47. Nf5+ Ke6 48. Nxh6 Ne7 49. h4 Nc6 50. g4 Kf6 51. g5+ Kg6 52. Ng4 Nxa5 53. Ne5+ Kg7 54. h5 Nb7 55. h6+ Kh7 56. Kd5 a5 57. Ke6 a4 58. g6+ Kxh6 59. Kf6 a3 60. Nf7+ Kh5 61. g7 a2 62. g8Q a1Q+ 63. Ne5 Qa6+ 64. Kf5 Qf1+ 65. Ke6 1/2-1/2

[Event "Pobeskydy op"]
[Site "Frydek Mistek"]
[Date "2016.03.24"]
[Round "2"]
[White "Tomasic, Roland"]
[Black "Kubik, Michael"]
[Result "1/2-1/2"]
[WhiteElo "2113"]
[BlackElo "2184"]
[PlyCount "162"]
[EventDate "2016.03.24"]
[EventType "swiss"]
[EventRounds "9"]
[EventCountry "CZE"]
[SourceTitle "CBM 171 Extra"]
[Source "ChessBase"]
[SourceDate "2016.04.26"]
[SourceVersion "1"]
[SourceVersionDate "2016.04.26"]
[SourceQuality "1"]

1. e4 c5 2. Nf3 Nc6 3. d4 cxd4 4. Nxd4 e5 5. Nb5 d6 6. c4 Be7 7. Be2 Nf6 8. N1c3 a6 9. Na3 0-0 10. 0-0 Be6 11. Be3 Rc8 12. f3 Nd4 13. Nd5 Nxd5 14. cxd5 Nxe2+ 15. Qxe2 Bd7 16. Rfc1 b5 17. Rxc8 Qxc8 18. Qd2 Qb7 19. b4 Ra8 20. Rc1 Bd8 21. f4 a5 22. fxe5 dxe5 23. Nc2 f5 24. exf5 Bxf5 25. Bc5 Bxc2 26. Rxc2 axb4 27. Bxb4 Bb6+ 28. Kh1 Bd4 29. d6 Rf8 30. Qd1 Qd5 31. h3 h6 32. Rc7 Kh8 33. Rc2 Rd8 34. Qg4 Qf7 35. Qe2 Qd5 36. a3 Bb6 37. Rd2 Bd4 38. Rd1 Kg8 39. Qg4 Qf7 40. Qe4 Rc8 41. Ba5 Rf8 42. Qc6 Qe6 43. Qxb5 Qf7 44. Bb4 Qb3 45. Rf1 Rxf1+ 46. Qxf1 Qd5 47. Qf5 Be3 48. Qc8+ Kh7 49. Qc2+ Kg8 50. a4 e4 51. a5 Ba7 52. Qd2 Qxd2 53. Bxd2 Kf7 54. g3 Ke6 55. Bb4 h5 56. Kg2 g6 57. Kf1 Kd7 58. Ke2 Kc6 59. Kd1 Bf2 60. g4 hxg4 61. hxg4 Bd4 62. Kd2 Kd7 63. Kc2 Kc6 64. Kb3 Bf2 65. Kc4 Bg1 66. a6 Ba7 67. Bc3 e3 68. d7 Kxd7 69. Kd3 Kc6 70. Be5 Kb5 71. Bf4 Kxa6 72. Bxe3 Bb8 73. Ke4 Kb5 74. Kd5 Bc7 75. Bg5 Ba5 76. Ke6 Kc6 77. Kf6 Kd7 78. Kf7 Bb6 79. Kxg6 Ke6 80. Bf6 Be3 81. g5 Bxg5 1/2-1/2

[Event "Litomysl op 17th"]
[Site "Litomysl"]
[Date "2015.12.27"]
[Round "3"]
[White "Kubik, Michael"]
[Black "Chojnacki, Krzysztof"]
[Result "1/2-1/2"]
[WhiteElo "2201"]
[BlackElo "2375"]
[PlyCount "63"]
[EventDate "2015.12.26"]
[EventType "swiss"]
[EventRounds "9"]
[EventCountry "CZE"]
[SourceTitle "CBM 170 Extra"]
[Source "ChessBase"]
[SourceDate "2016.02.25"]
[SourceVersion "1"]
[SourceVersionDate "2016.02.25"]
[SourceQuality "1"]

1. e4 e5 2. Nf3 Nc6 3. Bb5 a6 4. Ba4 Nf6 5. d3 b5 6. Bb3 Be7 7. Nbd2 d6 8. c3 0-0 9. Nf1 Na5 10. Bc2 c5 11. Ng3 b4 12. cxb4 cxb4 13. 0-0 Qc7 14. Bd2 Qb6 15. Be3 Qb7 16. h3 Bd7 17. Ba4 Nc6 18. Rc1 Rac8 19. Nh4 g6 20. Nf3 Rfe8 21. d4 Nxd4 22. Nxd4 Bxa4 23. Qxa4 exd4 24. Bxd4 Nxe4 25. Nxe4 Qxe4 26. Rxc8 Rxc8 27. Qxb4 Bf6 28. Rd1 Bxd4 29. Qxd4 Qxd4 30. Rxd4 Rc1+ 31. Kh2 Rc2 32. Rxd6 1/2-1/2

[Event "Kesarovski Georgiev Memorial 14th"]
[Site "Sunny Beach"]
[Date "2015.09.05"]
[Round "1"]
[White "Dimitrov, Vladimir"]
[Black "Kubik, Michael"]
[Result "1-0"]
[WhiteElo "2428"]
[BlackElo "2247"]
[PlyCount "43"]
[EventDate "2015.09.05"]
[EventType "swiss"]
[EventRounds "9"]
[EventCountry "BUL"]
[SourceTitle "EXT 2016"]
[Source "ChessBase"]
[SourceDate "2015.10.08"]
[SourceVersion "1"]
[SourceVersionDate "2015.10.08"]
[SourceQuality "1"]

1. e4 c5 2. Nf3 e6 3. d4 cxd4 4. Nxd4 Nf6 5. Nc3 d6 6. Be2 Be7 7. 0-0 0-0 8. f4 Nc6 9. Kh1 Nxd4 10. Qxd4 b6 11. g4 e5 12. Qg1 d5 13. Rd1 Bb7 14. Qg2 Qc7 15. exd5 exf4 16. Bf3 a6 17. g5 Ne8 18. d6 Bxf3 19. Qxf3 Nxd6 20. Bxf4 Rfd8 21. Nd5 Qa7 22. Nxe7+ 1-0

[Event "Pardubice Czech op-A 26th"]
[Site "Pardubice"]
[Date "2015.07.29"]
[Round "6"]
[White "Kubik, Michael"]
[Black "Akesson, Ralf"]
[Result "0-1"]
[WhiteElo "2275"]
[BlackElo "2428"]
[PlyCount "72"]
[EventDate "2015.07.24"]
[EventType "swiss"]
[EventRounds "9"]
[EventCountry "CZE"]
[SourceTitle "CBM 167 Extra"]
[Source "ChessBase"]
[SourceDate "2015.09.14"]
[SourceVersion "1"]
[SourceVersionDate "2015.09.14"]
[SourceQuality "1"]

1. d4 Nf6 2. c4 e6 3. Nf3 d5 4. Nc3 Be7 5. Bf4 0-0 6. e3 c5 7. dxc5 Bxc5 8. Qc2 Nc6 9. a3 Bd6 10. Bxd6 Qxd6 11. Rd1 Rd8 12. cxd5 exd5 13. Nb5 Qe7 14. Be2 Bg4 15. 0-0 Rac8 16. Qb1 Ne4 17. Qa2 h5 18. h3 Bxf3 19. Bxf3 g6 20. Nc3 Nxc3 21. bxc3 Ne5 22. Bxd5 Rxc3 23. a4 b6 24. Rd4 Rdc8 25. Qb1 Kg7 26. Qe4 Qf6 27. Rfd1 R8c7 28. R4d2 Rc1 29. Qd4 Rxd1+ 30. Rxd1 Rc2 31. Rf1 Nc6 32. Qe4 Rc5 33. f4 Ne7 34. Bb3 Nf5 35. Qe8 Rc3 36. Bd5 Nxe3 0-1

[Event "Frydek Mistek op"]
[Site "Frydek Mistek"]
[Date "2015.04.05"]
[Round "8"]
[White "Stepan, Patrik"]
[Black "Kubik, Michael"]
[Result "1/2-1/2"]
[WhiteElo "2042"]
[BlackElo "2206"]
[PlyCount "82"]
[EventDate "2015.04.02"]
[EventType "swiss"]
[EventRounds "9"]
[EventCountry "CZE"]
[SourceTitle "CBM 165 Extra"]
[Source "ChessBase"]
[SourceDate "2015.04.21"]
[SourceVersion "1"]
[SourceVersionDate "2015.04.21"]
[SourceQuality "1"]

1. d4 Nf6 2. c4 d6 3. Nc3 Nbd7 4. e4 e5 5. Nf3 g6 6. Be2 Bg7 7. 0-0 0-0 8. d5 Nc5 9. Qc2 a5 10. Rd1 Ng4 11. h3 Nh6 12. Rb1 f5 13. Bg5 Qe8 14. b3 Nf7 15. Bc1 f4 16. a3 h5 17. b4 Na6 18. c5 axb4 19. axb4 dxc5 20. bxc5 Nxc5 21. Nb5 Qe7 22. d6 cxd6 23. Nxd6 Ne6 24. Nc4 Neg5 25. Nb6 Nxf3+ 26. Bxf3 Rb8 27. Qa4 Ng5 28. Rb3 Be6 29. Rbd3 Nxf3+ 30. Rxf3 Rfd8 31. Ba3 Rxd1+ 32. Qxd1 Qf7 33. Qd6 Re8 34. Bb2 Ba2 35. Rc3 Qe6 36. Qc7 Re7 37. Qd8+ Re8 38. Qc7 Re7 39. Qd8+ Re8 40. Qc7 Qf7 41. Ba3 Bf8 1/2-1/2